[Event "Est ch 2020 G16"]
[Site "Narva"]
[Date "2020.02.27"]
[Round "2.6"]
[White "Nikitina, Anastasia"]
[Black "Rogaten, Varvara"]
[Result "0-1"]
[WhiteElo "1000"]
[BlackElo "1439"]
[PlyCount "44"]
[EventDate "2020.02.27"]
[EventCountry "EST"]
[SourceVersionDate "2020.03.19"]

1. e4 e5 2. Nf3 Nc6 3. Bc4 Bc5 4. Nc3 Nf6 5. O-O d6 6. d3 Bg4 7. h3 Bh5 8. Bg5
Nd4 9. Bb5+ c6 10. Ba4 Nxf3+ 11. gxf3 b5 12. Bb3 a5 13. a4 b4 14. Na2 Qd7 15.
c3 Qxh3 16. cxb4 Bxf3 17. Qxf3 Qxf3 18. Bd1 Qxd3 19. Bg4 Nxg4 20. Rad1 Qh3 21.
Rfe1 Qh2+ 22. Kf1 Qxf2# 0-1

[Event "Est ch 2020 G16"]
[Site "Narva"]
[Date "2020.02.28"]
[Round "3.1"]
[White "Barkasheva, Sofia"]
[Black "Smirnova, Jekaterina"]
[Result "1/2-1/2"]
[WhiteElo "1422"]
[BlackElo "1439"]
[PlyCount "133"]
[EventDate "2020.02.27"]
[EventCountry "EST"]
[SourceVersionDate "2020.03.19"]

1. e4 c5 2. Nf3 e6 3. d4 cxd4 4. Nxd4 Nc6 5. Be3 a6 6. Nd2 Nf6 7. c3 Be7 8. Be2
O-O 9. O-O d5 10. Qc2 e5 11. Nxc6 bxc6 12. exd5 cxd5 13. f4 d4 14. cxd4 exd4
15. Bf2 Bg4 16. Bxg4 Nxg4 17. Qd3 Nxf2 18. Rxf2 Bf6 19. Ne4 Qb6 20. Nxf6+ Qxf6
21. Rd1 Rfd8 22. Qf3 Ra7 23. Rfd2 Rad7 24. Rd3 h6 25. R1d2 Qe6 26. a3 Qe1+ 27.
Qf1 Qe4 28. g3 Kh7 29. Qe2 Qxe2 30. Rxe2 Kg6 31. Kf2 Rd6 32. Kf3 h5 33. Re5 f6
34. Rc5 f5 35. b4 Kf6 36. a4 Rb8 37. Rc4 Rbd8 38. b5 axb5 39. axb5 Rb8 40. Rc6
Rxc6 41. bxc6 Rc8 42. Rxd4 Rxc6 43. Ke3 Ke6 44. Rd8 Rc2 45. Rd2 Rc3+ 46. Kd4
Rc7 47. Re2+ Kf6 48. Kd5 Rd7+ 49. Kc6 Rd8 50. Kc7 Rd3 51. Kc6 Rc3+ 52. Kd5 Rd3+
53. Kc4 Rd8 54. Kc3 Rc8+ 55. Kd3 Rd8+ 56. Ke3 Re8+ 57. Kf3 Rxe2 58. Kxe2 Ke6
59. Ke3 Kd5 60. Kd3 g6 61. h3 Kc5 62. Kc3 Kd5 63. Kd3 Kc5 64. Ke3 Kd5 65. Kf3
Kd4 66. Ke2 Ke4 67. h4 1/2-1/2

[Event "Est ch 2020 G16"]
[Site "Narva"]
[Date "2020.02.28"]
[Round "3.2"]
[White "Hannus, Lola"]
[Black "Levchenko, Marina"]
[Result "1/2-1/2"]
[WhiteElo "1295"]
[BlackElo "1360"]
[PlyCount "96"]
[EventDate "2020.02.27"]
[EventCountry "EST"]
[SourceVersionDate "2020.03.19"]

1. e4 c5 2. Nf3 d6 3. c3 Nf6 4. Be2 Nc6 5. d4 cxd4 6. cxd4 e6 7. Nc3 Be7 8. O-O
O-O 9. h3 d5 10. e5 Nd7 11. a3 f6 12. exf6 Bxf6 13. Be3 Re8 14. Qc2 Nf8 15.
Rad1 b6 16. h4 Bb7 17. Bg5 h6 18. Bxf6 Qxf6 19. Nb5 Qe7 20. Ne5 Nxe5 21. dxe5
Rec8 22. Qb3 Ba6 23. Rd4 Bxb5 24. Bxb5 Qc7 25. Qg3 Nd7 26. Re1 Nc5 27. Rc1 Qe7
28. Qg4 Nd7 29. Re1 Nc5 30. Re3 Rc7 31. Rc3 Rac8 32. f3 Nd7 33. Bxd7 Qxd7 34.
Rxc7 Rxc7 35. Rf4 Kh7 36. h5 Qe8 37. Kh2 Rc2 38. Rb4 Qf7 39. Kg3 Rc7 40. Rf4
Qe8 41. Kh3 Re7 42. Rd4 Qf7 43. f4 Rd7 44. Kg3 Re7 45. Kf3 Rd7 46. Ke3 Re7 47.
a4 Rd7 48. b4 Re7 1/2-1/2

[Event "Est ch 2020 G16"]
[Site "Narva"]
[Date "2020.02.28"]
[Round "3.3"]
[White "Rudnik, Viktoria"]
[Black "Blohhin, Sofia"]
[Result "1/2-1/2"]
[WhiteElo "1456"]
[BlackElo "1824"]
[PlyCount "94"]
[EventDate "2020.02.27"]
[EventCountry "EST"]
[SourceVersionDate "2020.03.19"]

1. d4 d5 2. Bf4 e6 3. e3 Nf6 4. c3 c5 5. Bd3 Nc6 6. Nd2 Be7 7. h3 c4 8. Bc2 b5
9. a3 Bb7 10. Ngf3 a5 11. e4 dxe4 12. Nxe4 Nd5 13. Bh2 Qb6 14. Bd6 O-O-O 15.
Bxe7 Ncxe7 16. Nc5 Nf4 17. O-O g5 18. Be4 Bxe4 19. Nxe4 h6 20. Ne5 Rhf8 21. Nf6
Qb7 22. Qf3 Qxf3 23. Nxf3 a4 24. Ne5 Ned5 25. Nxd5 Rxd5 26. g3 Nh5 27. Ng4 f5
28. Ne5 Nf6 29. Rfe1 Rd6 30. Re2 Nd5 31. Rae1 Rf6 32. Kg2 h5 33. f3 h4 34. Rd2
hxg3 35. Kxg3 Rd8 36. Rh2 Rh8 37. h4 f4+ 38. Kf2 Rxh4 39. Rxh4 gxh4 40. Ng4 Rg6
41. Rh1 Ne3 42. Rxh4 Nd1+ 43. Ke2 Nxb2 44. Rh5 Nd3 45. Rxb5 Kc7 46. Ra5 Nb2 47.
Kd2 Rg8 1/2-1/2

[Event "Est ch 2020 G16"]
[Site "Narva"]
[Date "2020.02.28"]
[Round "3.4"]
[White "Rubina, Mari"]
[Black "Poluektova, Arina"]
[Result "1/2-1/2"]
[WhiteElo "1292"]
[BlackElo "1224"]
[PlyCount "74"]
[EventDate "2020.02.27"]
[EventCountry "EST"]
[SourceVersionDate "2020.03.19"]

1. d4 d5 2. Nf3 c6 3. Bf4 Bf5 4. e3 e6 5. c3 c5 6. Bd3 Bg4 7. h3 Bxf3 8. Qxf3
Nc6 9. Nd2 cxd4 10. exd4 Bd6 11. O-O Bxf4 12. Qxf4 Qf6 13. Qg3 Nge7 14. Nf3 Ng6
15. Rae1 O-O 16. h4 Rfe8 17. h5 Nf4 18. Qg4 Qh6 19. Ne5 Nxh5 20. Re3 g6 21. Rh3
Qg7 22. f4 f5 23. Qg5 Nf6 24. Rff3 Nxe5 25. fxe5 Ne4 26. Bxe4 dxe4 27. Rf4 Kf8
28. Rfh4 h5 29. Rg3 Kf7 30. Rxh5 Rg8 31. Rh6 b5 32. a3 a5 33. Rhh3 Ke8 34. Rh6
Kf7 35. Rhh3 Ke8 36. Rh6 Kf7 37. Rhh3 Ke8 1/2-1/2

[Event "Est ch 2020 G16"]
[Site "Narva"]
[Date "2020.02.28"]
[Round "3.5"]
[White "Rogaten, Varvara"]
[Black "Timofejeva, Juliana"]
[Result "1-0"]
[WhiteElo "1439"]
[BlackElo "1270"]
[PlyCount "63"]
[EventDate "2020.02.27"]
[EventCountry "EST"]
[SourceVersionDate "2020.03.19"]

1. e4 e5 2. Nf3 Nc6 3. Bc4 d6 4. h3 h6 5. c3 b6 6. b4 a6 7. Qb3 Qd7 8. a4 Bb7
9. O-O Nf6 10. Qc2 Be7 11. d3 O-O 12. Nbd2 d5 13. exd5 Nxd5 14. Ne4 Rfe8 15.
Qb3 Na7 16. Nxe5 Qe6 17. Nf3 Rad8 18. Qc2 Bf6 19. Bd2 c6 20. Rfe1 Kf8 21. Bf4
b5 22. Nd6 Qd7 23. Rxe8+ Rxe8 24. Nxe8 bxc4 25. Nxf6 gxf6 26. Bxh6+ Kg8 27.
dxc4 Nb6 28. Qe4 c5 29. Qf4 Bxf3 30. Qxf3 Kh7 31. Qxf6 cxb4 32. Qg7# 1-0

[Event "Est ch 2020 G16"]
[Site "Narva"]
[Date "2020.02.28"]
[Round "3.6"]
[White "Grigorjeva, Vera"]
[Black "Nikitina, Anastasia"]
[Result "1-0"]
[WhiteElo "1000"]
[BlackElo "1000"]
[PlyCount "120"]
[EventDate "2020.02.27"]
[EventCountry "EST"]
[SourceVersionDate "2020.03.19"]

1. e4 e5 2. Nf3 Nc6 3. d3 Bc5 4. Be2 Nf6 5. O-O O-O 6. Nc3 d6 7. Be3 Bxe3 8.
fxe3 Bg4 9. d4 exd4 10. exd4 Nh5 11. h3 Bxh3 12. gxh3 Qd7 13. Re1 Qxh3 14. Bf1
Qg4+ 15. Bg2 Nf4 16. Qd2 Nh3+ 17. Kf1 Nf4 18. Nd1 Ne7 19. Ne3 Qh5 20. Kf2 Nh3+
21. Ke2 Nf4+ 22. Kd1 Nxg2 23. Qxg2 Ng6 24. Rh1 Nf4 25. Rxh5 Nxg2 26. Nxg2 Rae8
27. e5 dxe5 28. dxe5 Rd8+ 29. Ke2 g6 30. Rhh1 Rfe8 31. Nf4 f6 32. Nd3 fxe5 33.
Nfxe5 Rd5 34. Rae1 Ra5 35. a3 Rc5 36. Kd2 Rd5 37. Kc1 b5 38. Kb1 a5 39. Ng4 Rb8
40. Nf6+ Kg7 41. Nxd5 c5 42. c3 a4 43. Re7+ Kf8 44. Rf1+ Kg8 45. Nxc5 Rc8 46.
Rc7 Rxc7 47. Nxc7 Kg7 48. Nd5 h5 49. Ne3 Kh6 50. Rg1 g5 51. Ne4 g4 52. Nxg4+
hxg4 53. Rxg4 Kh5 54. Nf6+ Kh6 55. Rb4 Kg5 56. Rxb5+ Kxf6 57. b3 axb3 58. a4
Ke6 59. a5 Kd6 60. c4 Kc6 1-0

[Event "Est ch 2020 G16"]
[Site "Narva"]
[Date "2020.02.28"]
[Round "4.1"]
[White "Smirnova, Jekaterina"]
[Black "Levchenko, Marina"]
[Result "1/2-1/2"]
[WhiteElo "1439"]
[BlackElo "1360"]
[PlyCount "96"]
[EventDate "2020.02.27"]
[EventCountry "EST"]
[SourceVersionDate "2020.03.19"]

1. c4 Nf6 2. Nc3 g6 3. d4 Bg7 4. e4 d6 5. Nf3 O-O 6. Bd3 e5 7. d5 a5 8. O-O Nh5
9. Ne1 Qe8 10. Nb5 Na6 11. Be2 Nf6 12. Nc3 Nd7 13. Bd3 Ndc5 14. f4 exf4 15.
Bxf4 Bxc3 16. bxc3 Nxd3 17. Nxd3 f6 18. Qf3 Bd7 19. Bh6 Rf7 20. Be3 Qe7 21. Bd4
Rff8 22. Qe3 b6 23. Rae1 Nc5 24. Bxc5 bxc5 25. Rb1 Rfe8 26. Rfe1 Rf8 27. Rb7
Ba4 28. Qd2 Rab8 29. Qb2 Qe8 30. Nf4 Rxb7 31. Qxb7 Qb8 32. Rb1 Qc8 33. Ne6 Re8
34. Rb2 Bd7 35. Qxc8 Rxc8 36. Nf4 Kf7 37. Kf2 g5 38. Ne2 f5 39. Ng3 fxe4 40.
Nxe4 Kg6 41. Ng3 Rf8+ 42. Ke3 Rf7 43. Rb7 Be8 44. Ra7 a4 45. Ra8 Bd7 46. Ra7
Be8 47. Ra8 Bd7 48. Ra7 Be8 1/2-1/2

[Event "Est ch 2020 G16"]
[Site "Narva"]
[Date "2020.02.28"]
[Round "4.2"]
[White "Rogaten, Varvara"]
[Black "Barkasheva, Sofia"]
[Result "0-1"]
[WhiteElo "1439"]
[BlackElo "1422"]
[PlyCount "108"]
[EventDate "2020.02.27"]
[EventCountry "EST"]
[SourceVersionDate "2020.03.19"]

1. e4 c5 2. c3 Nf6 3. e5 Nd5 4. d4 cxd4 5. cxd4 d6 6. Nf3 Nc6 7. Be2 dxe5 8.
dxe5 Bg4 9. Bb5 Qa5+ 10. Nc3 Nxc3 11. Bxc6+ bxc6 12. bxc3 Qxc3+ 13. Bd2 Qd3 14.
Be3 Qxd1+ 15. Rxd1 g6 16. h3 Be6 17. Rd2 Bd5 18. Ke2 Rb8 19. Rhd1 Rb7 20. Kf1
Bg7 21. Nd4 O-O 22. f4 Rfb8 23. Ne2 e6 24. Nc3 a6 25. Na4 Bf8 26. Nc5 Bxc5 27.
Bxc5 Rb2 28. a3 Rxd2 29. Rxd2 Kg7 30. Kf2 Rb3 31. Rc2 a5 32. a4 Rb1 33. Be7 Rb3
34. Bc5 f6 35. Bd4 f5 36. Bc5 Kf7 37. Bd6 Ke8 38. Bc5 Rb1 39. Bd6 Ra1 40. Rb2
Ra2 41. Rxa2 Bxa2 42. Bc7 Kd7 43. Bxa5 c5 44. Ke3 Kc6 45. Bc3 Kd5 46. a5 Bc4
47. Bb2 Ba6 48. Ba3 Kc4 49. Bc1 Kb3 50. Kd2 Kb4 51. Bb2 Kxa5 52. g3 Kb4 53. Bc1
Kb3 54. Kd1 Kc3 0-1

[Event "Est ch 2020 G16"]
[Site "Narva"]
[Date "2020.02.28"]
[Round "4.3"]
[White "Rubina, Mari"]
[Black "Rudnik, Viktoria"]
[Result "1-0"]
[WhiteElo "1292"]
[BlackElo "1456"]
[PlyCount "53"]
[EventDate "2020.02.27"]
[EventCountry "EST"]
[SourceVersionDate "2020.03.19"]

1. d4 Nf6 2. Bf4 g6 3. e3 Bg7 4. c3 d6 5. Nf3 Nbd7 6. Be2 O-O 7. O-O b6 8. Nbd2
Bb7 9. h4 Nh5 10. Bh2 e5 11. Ng5 h6 12. Bxh5 hxg5 13. Bf3 Bxf3 14. Qxf3 gxh4
15. Qh3 g5 16. f4 exf4 17. exf4 f6 18. fxg5 fxg5 19. Qe6+ Kh8 20. Qg4 a6 21.
Qh5+ Kg8 22. Nf3 Rf5 23. Qg4 Rb5 24. a4 Rxb2 25. Nxg5 Nf6 26. Qe6+ Kh8 27. Nf7+
1-0

[Event "Est ch 2020 G16"]
[Site "Narva"]
[Date "2020.02.28"]
[Round "4.4"]
[White "Poluektova, Arina"]
[Black "Hannus, Lola"]
[Result "1-0"]
[WhiteElo "1224"]
[BlackElo "1295"]
[PlyCount "111"]
[EventDate "2020.02.27"]
[EventCountry "EST"]
[SourceVersionDate "2020.03.19"]

1. e4 e5 2. Nf3 Nc6 3. c3 Nf6 4. d4 exd4 5. e5 Nd5 6. cxd4 Be7 7. Nc3 Nb6 8.
Be2 O-O 9. O-O d5 10. Be3 Re8 11. Re1 f6 12. Bf4 g5 13. Bg3 g4 14. Nd2 Nxd4 15.
Bxg4 fxe5 16. Bxc8 Qxc8 17. Bxe5 Nc6 18. Nb3 Bh4 19. Bg3 Bxg3 20. Rxe8+ Qxe8
21. Qg4+ Kh8 22. Qxg3 d4 23. Nb5 Nd5 24. Nxc7 Nxc7 25. Qxc7 Nb4 26. Nxd4 Rc8
27. Qxb7 Nd3 28. h3 Rc1+ 29. Rxc1 Nxc1 30. Nf3 Nd3 31. Qd5 Ne1 32. Qd4+ Kg8 33.
Qc4+ Kh8 34. Qc3+ Kg8 35. Qxe1 Qxe1+ 36. Nxe1 Kf7 37. f4 Kf6 38. g4 a5 39. a3
a4 40. Nd3 h6 41. b4 axb3 42. a4 Ke6 43. a5 Kd6 44. f5 Kd5 45. Kf2 Kc6 46. f6
h5 47. f7 h4 48. f8=Q b2 49. Nxb2 Kb5 50. Ke3 Kc6 51. Qd8 Kb7 52. a6+ Kxa6 53.
Qb8 Ka5 54. Kd4 Ka6 55. Kc5 Ka5 56. Qb5# 1-0

[Event "Est ch 2020 G16"]
[Site "Narva"]
[Date "2020.02.28"]
[Round "4.5"]
[White "Blohhin, Sofia"]
[Black "Grigorjeva, Vera"]
[Result "1-0"]
[WhiteElo "1824"]
[BlackElo "1000"]
[PlyCount "87"]
[EventDate "2020.02.27"]
[EventCountry "EST"]
[SourceVersionDate "2020.03.19"]

1. e4 e5 2. Nf3 Nc6 3. d4 exd4 4. Nxd4 Bc5 5. Be3 Nf6 6. Nxc6 bxc6 7. Bxc5 Nxe4
8. Qe2 d5 9. f3 Bf5 10. fxe4 dxe4 11. Nc3 Qh4+ 12. g3 Qg4 13. Qxg4 Bxg4 14. Bg2
Bf3 15. Bxf3 exf3 16. Kf2 O-O-O 17. Rad1 Rde8 18. Rhe1 Rxe1 19. Rxe1 a6 20.
Kxf3 g5 21. Re7 f5 22. Rf7 g4+ 23. Kf4 h6 24. Kxf5 h5 25. Rf8+ Rxf8+ 26. Bxf8
Kd7 27. Kg5 Ke8 28. Bc5 Kf7 29. Kxh5 Kf6 30. Kxg4 Kg6 31. h4 a5 32. h5+ Kh6 33.
Kf5 Kg7 34. h6+ Kxh6 35. Kf6 Kh5 36. Kf5 Kh6 37. Bf8+ Kh7 38. g4 Kg8 39. Bh6
Kf7 40. g5 Kg8 41. g6 Kh8 42. Ne4 Kg8 43. Nf6+ Kh8 44. g7# 1-0

[Event "Est ch 2020 G16"]
[Site "Narva"]
[Date "2020.02.28"]
[Round "4.6"]
[White "Timofejeva, Juliana"]
[Black "Nikitina, Anastasia"]
[Result "1-0"]
[WhiteElo "1270"]
[BlackElo "1000"]
[PlyCount "33"]
[EventDate "2020.02.27"]
[EventCountry "EST"]
[SourceVersionDate "2020.03.19"]

1. e4 e5 2. Nf3 Nc6 3. Nc3 Nf6 4. Bc4 Bc5 5. h3 d6 6. O-O O-O 7. d3 h6 8. Be3
Bxe3 9. fxe3 Nh5 10. Nxe5 Nxe5 11. Qxh5 Qe7 12. Bb3 Be6 13. d4 Bxb3 14. axb3 g6
15. Qxh6 Nc6 16. Nd5 Qxe4 17. Nf6# 1-0

[Event "Est ch 2020 G16"]
[Site "Narva"]
[Date "2020.02.29"]
[Round "5.1"]
[White "Levchenko, Marina"]
[Black "Barkasheva, Sofia"]
[Result "0-1"]
[WhiteElo "1360"]
[BlackElo "1422"]
[PlyCount "104"]
[EventDate "2020.02.27"]
[EventCountry "EST"]
[SourceVersionDate "2020.03.19"]

1. c4 g6 2. Nc3 Bg7 3. d4 Nf6 4. e4 d6 5. Nf3 O-O 6. Be2 Bg4 7. h3 Bxf3 8. Bxf3
Nfd7 9. O-O Nc6 10. Be3 e5 11. d5 Nd4 12. g4 f5 13. exf5 gxf5 14. gxf5 Nxf5 15.
Bg4 Kh8 16. Qd2 Qf6 17. Rad1 Rg8 18. Kh2 Raf8 19. Ne4 Qg6 20. Rg1 Nxe3 21. Qxe3
Nf6 22. Nxf6 Qxf6 23. Rg2 Qf4+ 24. Qxf4 Rxf4 25. b3 e4 26. Re1 Be5 27. Kg1 Rgf8
28. Re2 Bd4 29. Bh5 Rg8 30. Rxg8+ Kxg8 31. Kg2 Kg7 32. Bg4 Kf6 33. Be6 Ke5 34.
Bg4 Bc5 35. Bh5 Kd4 36. Bg4 Kd3 37. Kf1 e3 38. f3 a6 39. Re1 Bb4 40. Re2 Bd2
41. Rg2 Kc2 42. Ke2 Kb2 43. Bc8 Kxa2 44. Bxb7 a5 45. Rg7 Kxb3 46. Bc6 a4 47.
Rxh7 a3 48. Rxc7 a2 49. Rb7+ Bb4 50. Ra7 Ba3 51. Kxe3 Bc5+ 52. Kxf4 Bxa7 0-1

[Event "Est ch 2020 G16"]
[Site "Narva"]
[Date "2020.02.29"]
[Round "5.2"]
[White "Smirnova, Jekaterina"]
[Black "Rubina, Mari"]
[Result "0-1"]
[WhiteElo "1439"]
[BlackElo "1292"]
[PlyCount "80"]
[EventDate "2020.02.27"]
[EventCountry "EST"]
[SourceVersionDate "2020.03.19"]

1. c4 Nf6 2. Nc3 c6 3. Nf3 d5 4. cxd5 cxd5 5. d4 Nc6 6. Bf4 a6 7. e3 Bf5 8. a3
e6 9. Be2 Rc8 10. O-O Bd6 11. Bxd6 Qxd6 12. h3 O-O 13. Nh4 Bg6 14. Nxg6 fxg6
15. f4 Ne7 16. Bd3 Nf5 17. Qf3 Qb6 18. Na4 Qb3 19. Nc5 Rxc5 20. dxc5 Qxd3 21.
Rfe1 Ne4 22. b4 g5 23. fxg5 Nxg5 24. Qf4 Ne4 25. Qe5 Re8 26. Qf4 Rf8 27. Qe5
Nxe3 28. Qxe6+ Rf7 29. Qe8+ Rf8 30. Qe6+ Kh8 31. Qe7 Rg8 32. Ra2 Nc2 33. Rf1
Qe3+ 34. Kh2 Qg3+ 35. Kh1 Nf2+ 36. Kg1 Nxh3+ 37. Kh1 Nf2+ 38. Kg1 Ng4 39. Rf3
Qh2+ 40. Kf1 Qh1+ 0-1

[Event "Est ch 2020 G16"]
[Site "Narva"]
[Date "2020.02.29"]
[Round "5.3"]
[White "Poluektova, Arina"]
[Black "Blohhin, Sofia"]
[Result "0-1"]
[WhiteElo "1224"]
[BlackElo "1824"]
[PlyCount "72"]
[EventDate "2020.02.27"]
[EventCountry "EST"]
[SourceVersionDate "2020.03.19"]

1. e4 c5 2. Nf3 e6 3. d4 cxd4 4. Nxd4 a6 5. Nc3 Qc7 6. a3 Nf6 7. Bd3 b5 8. Bd2
Bb7 9. b4 Be7 10. Nb3 Nc6 11. O-O O-O 12. Ne2 Ne5 13. Ng3 d5 14. Re1 dxe4 15.
Bxe4 Nxe4 16. Nxe4 Ng6 17. Nec5 Bd5 18. Be3 Bd6 19. g3 Rad8 20. Qc1 Qc6 21. f4
Qa8 22. Qb2 e5 23. f5 Ne7 24. g4 Bf3 25. h3 Bg2 26. h4 Bh3 27. c3 Qf3 28. g5
Nxf5 29. Qf2 Qg4+ 30. Kh1 Ng3+ 31. Kh2 e4 32. Nb7 Nf1+ 33. Kh1 Bg3 34. Qe2 Qxh4
35. Qb2 Bg4+ 36. Kg1 Bf3 0-1

[Event "Est ch 2020 G16"]
[Site "Narva"]
[Date "2020.02.29"]
[Round "5.4"]
[White "Hannus, Lola"]
[Black "Rogaten, Varvara"]
[Result "0-1"]
[WhiteElo "1295"]
[BlackElo "1439"]
[PlyCount "118"]
[EventDate "2020.02.27"]
[EventCountry "EST"]
[SourceVersionDate "2020.03.19"]

1. e4 e5 2. Nf3 Nc6 3. Bc4 Bc5 4. d3 h6 5. Nc3 Nf6 6. Ne2 d6 7. a4 O-O 8. c3 a6
9. b4 Ba7 10. b5 Ne7 11. O-O c6 12. Kh1 Bd7 13. bxa6 bxa6 14. Bxa6 Qa5 15. Bc4
Bg4 16. Rg1 Bxf2 17. Rf1 Ba7 18. h3 Bd7 19. Qe1 Qc7 20. Qg3 Kh7 21. Nh4 Qc8 22.
Bb3 Rb8 23. Bc2 c5 24. d4 cxd4 25. Rb1 Qc4 26. Rxb8 Rxb8 27. Bd3 Qxa4 28. Nf5
Nxf5 29. exf5 dxc3 30. Nxc3 Qc6 31. Bc2 Qc4 32. Rd1 Kh8 33. Qd3 Qxd3 34. Bxd3
d5 35. g4 Rb3 36. Nxd5 Bc6 37. Bc4 Rxh3+ 38. Kg2 Rc3 39. Kf1 Rxc4 40. Ne7 Bb5
41. Ke1 Re4+ 42. Kd2 Bd4 43. Rh1 Nxg4 44. Kc2 Re2+ 45. Kb3 Bc5 46. f6 Nxf6 47.
Nf5 h5 48. Bg5 Rf2 49. Bxf6 Rxf5 50. Bd8 Rf3+ 51. Kc2 g6 52. Kd2 Rd3+ 53. Kc2
Rxd8 54. Kc3 e4 55. Re1 Bf2 56. Rxe4 Rd3+ 57. Kc2 Re3 58. Rxe3 Bxe3 59. Kc3 h4
0-1

[Event "Est ch 2020 G16"]
[Site "Narva"]
[Date "2020.02.29"]
[Round "5.5"]
[White "Nikitina, Anastasia"]
[Black "Rudnik, Viktoria"]
[Result "0-1"]
[WhiteElo "1000"]
[BlackElo "1456"]
[PlyCount "84"]
[EventDate "2020.02.27"]
[EventCountry "EST"]
[SourceVersionDate "2020.03.19"]

1. e4 c5 2. Nf3 e6 3. Bc4 a6 4. Nc3 b5 5. Bb3 c4 6. O-O cxb3 7. cxb3 Bb7 8. d3
Nc6 9. Bg5 Be7 10. Bf4 d6 11. h3 Nf6 12. a3 O-O 13. b4 Qc7 14. d4 h6 15. e5
dxe5 16. dxe5 Nd7 17. Re1 Nb6 18. b3 Rfd8 19. Qc2 Nd4 20. Nxd4 Rxd4 21. Be3 Rd7
22. Bxb6 Qxb6 23. Ne2 Qc6 24. Qxc6 Bxc6 25. Rac1 Bd5 26. Nd4 Bg5 27. Rc3 Bd2
28. Ree3 Bxe3 29. Rxe3 Bxg2 30. Kxg2 Rxd4 31. Rc3 Re4 32. Rc5 Rd8 33. f3 Re3
34. Kf2 Rxb3 35. Kg3 Rxa3 36. Rc7 Rd4 37. Rc8+ Kh7 38. Rf8 Kg6 39. Kg2 Rxb4 40.
Kg3 Rbb3 41. Kg4 Rxf3 42. h4 h5# 0-1

[Event "Est ch 2020 G16"]
[Site "Narva"]
[Date "2020.02.29"]
[Round "5.6"]
[White "Grigorjeva, Vera"]
[Black "Timofejeva, Juliana"]
[Result "0-1"]
[WhiteElo "1000"]
[BlackElo "1270"]
[PlyCount "158"]
[EventDate "2020.02.27"]
[EventCountry "EST"]
[SourceVersionDate "2020.03.19"]

1. e4 e5 2. Nf3 Nc6 3. d4 exd4 4. Nxd4 Nxd4 5. Qxd4 Qf6 6. e5 Qc6 7. Nc3 Qc5 8.
Qe4 Qb4 9. Bc4 Ne7 10. O-O Qc5 11. Be3 Qc6 12. Qf4 d5 13. Bb5 Ng6 14. Bxc6+
bxc6 15. Qd4 Ba6 16. Rfe1 Be7 17. Qa4 Bb7 18. Bxa7 O-O 19. Qd4 Rfe8 20. Bc5
Bxc5 21. Qxc5 Nxe5 22. Qd4 Nc4 23. Rxe8+ Rxe8 24. b3 Nd6 25. Qd2 Re6 26. Re1
Rf6 27. Qe2 h6 28. h3 d4 29. Na4 Rf5 30. Qg4 c5 31. f3 Rg5 32. Qd7 Bxf3 33.
Qxc7 Rxg2+ 34. Kf1 Ne4 35. Qf4 Nd2+ 36. Qxd2 Rxd2 37. Nxc5 Rxc2 38. Nd3 Rxa2
39. Ne5 Bg2+ 40. Kg1 Bxh3 41. b4 Rb2 42. Nc6 d3 43. Rd1 d2 44. Ne5 Rxb4 45.
Rxd2 f5 46. Nf3 f4 47. Rd3 Bg4 48. Nh2 Rb1+ 49. Nf1 Be2 50. Kf2 Bxd3 51. Nd2
Rb2 52. Ke1 h5 53. Nf3 Rb1+ 54. Kd2 Rf1 55. Ng5 f3 56. Kxd3 f2 57. Ke2 Rg1 58.
Nh3 h4 59. Nxf2 g5 60. Nh3 Rg3 61. Nf2 h3 62. Nh1 Rg2+ 63. Kf1 Kf7 64. Nf2
Rxf2+ 65. Kxf2 g4 66. Kg1 Kf6 67. Kh2 Kf5 68. Kg3 Ke4 69. Kh2 Kf3 70. Kg1 g3
71. Kf1 h2 72. Ke1 h1=Q+ 73. Kd2 g2 74. Kd3 g1=Q 75. Kc3 Qg7+ 76. Kc4 Qd1 77.
Kc5 Qc7+ 78. Kb5 Qb1+ 79. Ka6 Qbb7# 0-1

[Event "Est ch 2020 G16"]
[Site "Narva"]
[Date "2020.02.29"]
[Round "6.1"]
[White "Barkasheva, Sofia"]
[Black "Rubina, Mari"]
[Result "1-0"]
[WhiteElo "1422"]
[BlackElo "1292"]
[PlyCount "86"]
[EventDate "2020.02.27"]
[EventCountry "EST"]
[SourceVersionDate "2020.03.19"]

1. e4 d5 2. exd5 Nf6 3. Nf3 Nxd5 4. d4 Bf5 5. Nh4 Bg6 6. Nxg6 hxg6 7. g3 e6 8.
Bg2 c6 9. O-O Nd7 10. c4 Ne7 11. Nc3 Nf6 12. Re1 Qa5 13. Bf3 Rd8 14. a3 Qc7 15.
Bf4 Qd7 16. Qb3 Nf5 17. Be3 Be7 18. Rad1 Kf8 19. d5 exd5 20. cxd5 Nxe3 21. dxc6
Qh3 22. Rxd8+ Bxd8 23. Rxe3 Qxh2+ 24. Kf1 b6 25. Nb5 Qh3+ 26. Ke2 Qc8 27. Qb4+
Kg8 28. Qd6 Kh7 29. c7 Bxc7 30. Qxc7 Qa6 31. Qc4 Rc8 32. Qd3 Rc5 33. Nc3 Qxd3+
34. Rxd3 Re5+ 35. Re3 Nd7 36. Rxe5 Nxe5 37. Bd5 f5 38. f3 g5 39. Ke3 Kh6 40.
Kd4 Ng6 41. Bb7 g4 42. fxg4 f4 43. gxf4 Nxf4 1-0

[Event "Est ch 2020 G16"]
[Site "Narva"]
[Date "2020.02.29"]
[Round "6.2"]
[White "Blohhin, Sofia"]
[Black "Smirnova, Jekaterina"]
[Result "1-0"]
[WhiteElo "1824"]
[BlackElo "1439"]
[PlyCount "139"]
[EventDate "2020.02.27"]
[EventCountry "EST"]
[SourceVersionDate "2020.03.19"]

1. e4 e6 2. d4 d5 3. e5 Bd7 4. Nf3 Ne7 5. Bd3 a6 6. O-O Bb5 7. b3 Bxd3 8. Qxd3
Nf5 9. Bb2 c5 10. dxc5 Bxc5 11. c4 dxc4 12. Qxc4 Be7 13. Nc3 Nc6 14. Rad1 Qc7
15. Qe4 O-O 16. Ne2 Rfd8 17. Rc1 Qa5 18. g4 Nh4 19. Nxh4 Bxh4 20. a3 Qd5 21.
Qxd5 Rxd5 22. Bc3 Be7 23. b4 a5 24. Nf4 Rd7 25. Rb1 axb4 26. axb4 b5 27. Rfe1
Rad8 28. Kg2 Bg5 29. Ne2 Rd5 30. f4 Bh4 31. Rf1 Be7 32. Ng3 Ra8 33. Ra1 Rdd8
34. Rab1 Ra2+ 35. Rf2 Rxf2+ 36. Kxf2 Bh4 37. Ke3 Ne7 38. Ke2 Nd5 39. Bd2 Be7
40. Ne4 Rc8 41. Nc5 Bxc5 42. Rc1 g6 43. bxc5 Rc6 44. Kd3 Kf8 45. Ke4 Ke7 46.
Ra1 f5+ 47. gxf5 gxf5+ 48. Kd4 b4 49. Ra7+ Rc7 50. Ra8 Kd7 51. Rb8 Kc6 52. Kc4
Kd7 53. Bxb4 Nxf4 54. Ba5 Rc8 55. Rb7+ Kc6 56. Rb6+ Kd7 57. Rd6+ Ke7 58. c6 Nd5
59. Kc5 Kf7 60. Rd7+ Kg6 61. Kd6 Re8 62. Bd2 Nb6 63. Kc7 Nxd7 64. cxd7 Ra8 65.
d8=Q Rxd8 66. Kxd8 f4 67. Bxf4 Kf5 68. Ke7 h6 69. h4 h5 70. Bh2 1-0

[Event "Est ch 2020 G16"]
[Site "Narva"]
[Date "2020.02.29"]
[Round "6.3"]
[White "Levchenko, Marina"]
[Black "Rogaten, Varvara"]
[Result "1/2-1/2"]
[WhiteElo "1360"]
[BlackElo "1439"]
[PlyCount "82"]
[EventDate "2020.02.27"]
[EventCountry "EST"]
[SourceVersionDate "2020.03.19"]

1. c4 e6 2. Nf3 Nf6 3. d4 d5 4. e3 c6 5. a3 Nbd7 6. Nc3 dxc4 7. Bxc4 b5 8. Bd3
a6 9. O-O Bd6 10. Qc2 h6 11. Rd1 Qc7 12. b4 O-O 13. Bb2 Bb7 14. h3 Rac8 15.
Rac1 Rfe8 16. e4 e5 17. dxe5 Nxe5 18. Nxe5 Bxe5 19. Re1 Qe7 20. Nd1 Bxb2 21.
Qxb2 Rcd8 22. Bb1 Nd5 23. Ne3 Nf4 24. f3 Qg5 25. Kh1 Nd3 26. Bxd3 Rxd3 27. Nf1
Red8 28. Qa1 R8d6 29. Re2 Rg6 30. Rc3 Rd8 31. Rcc2 Bc8 32. Ne3 Rd3 33. Qc1 Bd7
(33... Bxh3 34. gxh3 Qf4) 34. Rc3 Rxc3 35. Qxc3 Bxh3 36. Kg1 Qf4 37. Rf2 Rg5
38. Kf1 Be6 39. Ke2 Qd6 40. Qc2 Qc7 41. Kf1 Rh5 1/2-1/2

[Event "Est ch 2020 G16"]
[Site "Narva"]
[Date "2020.02.29"]
[Round "6.4"]
[White "Rudnik, Viktoria"]
[Black "Timofejeva, Juliana"]
[Result "1-0"]
[WhiteElo "1456"]
[BlackElo "1270"]
[PlyCount "67"]
[EventDate "2020.02.27"]
[EventCountry "EST"]
[SourceVersionDate "2020.03.19"]

1. d4 d5 2. Bf4 Nc6 3. e3 Nf6 4. h3 a6 5. c3 e6 6. Bd3 Bd6 7. Bxd6 cxd6 8. Nf3
e5 9. dxe5 dxe5 10. Bc2 h6 11. O-O Qb6 12. b3 O-O 13. Nbd2 e4 14. Nd4 Nxd4 15.
cxd4 Nh7 16. a3 Qg6 17. Kh1 Re8 18. b4 b5 19. Bb3 Bb7 20. Rc1 Rac8 21. Rc5 Qe6
22. Qb1 Ng5 23. h4 Rxc5 24. dxc5 Nh7 25. Qb2 Qg4 26. Qd4 Qxh4+ 27. Kg1 Nf6 28.
Nf3 Qg4 29. Nh2 Qh4 30. Rc1 Ng4 31. Nxg4 Qxg4 32. c6 Qc8 33. Qc5 Ba8 34. Bxd5
1-0

[Event "Est ch 2020 G16"]
[Site "Narva"]
[Date "2020.02.29"]
[Round "6.5"]
[White "Nikitina, Anastasia"]
[Black "Poluektova, Arina"]
[Result "0-1"]
[WhiteElo "1000"]
[BlackElo "1224"]
[PlyCount "44"]
[EventDate "2020.02.27"]
[EventCountry "EST"]
[SourceVersionDate "2020.03.19"]

1. e4 c5 2. Nf3 e6 3. Bc4 d5 4. Bb5+ Nc6 5. O-O dxe4 6. Bxc6+ bxc6 7. Nc3 exf3
8. Qxf3 Qc7 9. d3 Bd6 10. h3 Nf6 11. Be3 Bb7 12. Qe2 O-O 13. Na4 Qe7 14. c3 Nd5
15. c4 Nxe3 16. Qxe3 h6 17. d4 cxd4 18. Qxd4 Rfd8 19. Qe3 Qg5 20. Qb3 Rab8 21.
Qf3 c5 22. Qe3 Qxg2# 0-1